New Zealand Test Cricket Spin Bowlers - Statistics

General Stats
  • This quiz has been taken 357 times
    322 since last reset
  • The average score is 7 of 14
Answer Stats
Hint Answer % Correct
1997-2012 Daniel Vettori
96%
2006-2013 Jeetan Patel
81%
2013-2014 Ish Sodhi
67%
2014 Mark Craig
58%
2010-2014 Kane Williamson
49%
1998-2005 Paul Wiseman
46%
2012 Todd Astle
45%
2009-2013 Martin Guptill
37%
2007-2014 Ross Taylor
37%
2000-2002 Brooke Walker
34%
2013 Bruce Martin
34%
2000-2004 Mark Richardson
32%
1990-2001 Grant Bradburn
27%
2008-2013 Aaron Redmond
24%
No matching quizzes found
Score Distribution
Percent of People with Each Score
Percentile by Number Answered
Your Score History
You have not taken this quiz since the last reset